Tesaurus umum bahasa Melayu

Bibliographic Details
Corporate Author: Dewan Bahasa dan Pustaka
Format: Book
Published: Kuala Lumpur : Dewan Bahasa Dan Pustaka , 1991
Subjects:

MARC

LEADER 00000cam a2200000 7i4500
001 0000000290
002 000000363
005 20020423.0
020 |a 9836216022 
090 0 0 |a 499.2331   |b TES 
245 0 0 |a Tesaurus umum bahasa Melayu 
260 |a Kuala Lumpur :   |b Dewan Bahasa Dan Pustaka ,   |c 1991 
300 |a 790p. ;   |c 18cm. 
650 0 0 |a Malay language   |x Sinonim and antonym 
650 0 0 |a Tesaurus 
710 2 |a Dewan Bahasa dan Pustaka 
999 |a 027877   |b BUKU   |c RUJUKAN   |e PERPUSTAKAAN KOMUNITI PETALING JAYA